The emancipation of women : (Record no. 5569)

MARC details
000 -LEADER
fixed length control field 00585cam a2200169 a 4500
020 ## - INTERNATIONAL STANDARD BOOK NUMBER
ISBN 996430188X
020 ## - INTERNATIONAL STANDARD BOOK NUMBER
ISBN 9789964301880
050 00 - CALL NUMBER
Classification number HQ1788
Item number .D65 1991
100 1# - AUTHOR
Personal name Dolphyne, Florence Abena.
245 14 - TITLE
Title The emancipation of women :
Remainder of title an African perspective /
Statement of responsibility, etc Florence Abena Dolphyne.
260 ## - PUBLICATION INFORMATION
Place of publication Accra :
Name of publisher Ghana Universities Press,
Year of publication 1991.
300 ## - DESCRIPTION
Number of Pages xv, 107 p. ;
Dimensions 21 cm.
500 ## - NOTES
General note Includes index.
505 ## - FORMATTED CONTENTS NOTE
Table of Content Traditional practices --<br/>Promoting women's emancipation through specific activities ---<br/>The way forward ---
650 #0 - SUBJECTS
Topical Term Women's rights
942 ## - ADDED ENTRY ELEMENTS (KOHA)
Koha item type Books
Holdings
Withdrawn status Lost status Home library Current library Shelving location Date acquired Full call number Accession Number Koha item type
    Methodist University Library Main Methodist University Library Main General Stacks   HQ1788 .D65 19050 Books
    Methodist University Library Main Methodist University Library Main General Stacks   HQ1788 .D65 19051 Books
Copyright © 2026  MUG Library